00743nam a2200217 i 450000100060000000300090000600500170001500700030003200800410003502000180007608000400009410000180013424501030015226000380025530000220029349000430031550400340035860000570039283000430044985200330049273429ES-MaACL20230906171815.0t|041011s2004 sp ||||1| spa d a84-7522-870-4 a821.134.2 Gil de Biedma, Jaime 1.071 aEgea, Juan F.13aLa poesía del nosotros b: Jaime Gil de Biedma y la secuencia lírica moderna / cJuan F. Egea. aMadrid : bVisor Libros, c[2004] a162 p. ; c22 cm.1 aBiblioteca filológica hispana ; v70 aBibliografía: p. [151]-162.14aGil de Biedma, Jaime-xCrítica e interpretación.0 aBiblioteca filológica hispana ; v70 aES-MaACLjL-28210 bR.134095